000 00711nam a2200241Ia 4500
005 20250108125034.0
008 008 250107s9999 xx 000 0 eng d
020 _a978-93-837933-0-3
037 _aTB
040 _aCRL
_beng
_cCRL
041 _aeng
_2eng
084 _aO168,1M46w R1
084 _qCRL
100 _aTadas G. A. Au.
_9730314
245 0 _aG 20 initiatives in infrastrueture investment & finance: progress & Shortfalls
_cTadas G. A. Au.
260 _aNew Delhi, India
_bIndia Habitat Centre
_c3114
300 _a40p.
365 _aINR
_b500
490 _aRIS discussion paper series
650 _aECONOMICS
942 _cTB
_hO168,1M46w R1
999 _c1235502
_d1235502